Spokojnosť na všetkých stranách

Bibliographic Details
Format: Article
Language:Slovak

MARC

LEADER 00000nab a2200000ua 4500
001 vtls010785158
003 SK-MaSNL
005 20260225191416.0
008 230131s1973 xo |||||||||||||||||slo|
035 |a (urnnbn)urn:nbn:sk:snk:ar-a002yl 
035 |a (uuid)c148f979-59c9-45fe-b7fb-ade805c3871d 
035 |a urn:nbn:sk:snk-ab4zt5 
040 |a SNKBUCL  |b slo  |c SNKBUCL  |e AACR2 
041 0 |a slo 
044 |a xo  |c SK 
245 0 0 |a Spokojnosť na všetkých stranách 
773 0 |t Včelár : odborný časopis Povereníctva poľnohospodárstva a lesného hospodárstva a Ústredia včelárskych združení na Slovensku  |g Roč. 47, č. 9 (1973), s. 204-205 
954 |a odborná, vedecká literatúra pôvodná (slovenská)  |2 lita 
958 |a OND 
958 |a EUIPO 
958 |a article3 
999 |c 1908256  |d 1910186